00414nam a22001457a 450000500170000001000150001702000260003203500140005803700130007208200170008524500320010226000450013427000670017930000220024620210809113140.0 aENG-129684 c750.00a9780199491469 aEN-113216 bDBAD/PUB a307.14120954 aRural India Perspective:b/ aNew DelhibOxford University Pressc2018 a2/11 Ground floor, Ansari Road, Darya ganj,bNew Delhie110002 a303 p.c28cm(pbk)